Le mariage de Jeanne d'Albret / (Record no. 164106)
[ view plain ]
| 000 -LEADER | |
|---|---|
| campo de control de longitud fija | 00755nam a22001695i 4500 |
| 001 - NÚMERO DE CONTROL | |
| campo de control | 164106 |
| 003 - IDENTIFICADOR DE NÚMERO DE CONTROL | |
| campo de control | ES-MaACL |
| 005 - FECHA Y HORA DE LA ÚLTIMA TRANSACCIÓN | |
| campo de control | 20230906212855.0 |
| 008 - DATOS DE LONGITUD FIJA--INFORMACIÓN GENERAL | |
| campo de control de longitud fija | 021128s1877 fr |||| | fre d |
| 040 ## - FUENTE DE CATALOGACIÓN | |
| Centro catalogador/agencia de origen | NA |
| Lengua de catalogación | spa |
| Centro/agencia transcriptor | NA |
| 100 1# - ENTRADA PRINCIPAL--NOMBRE DE PERSONA | |
| Nombre de persona | Ruble, Alphonse de. |
| 9 (RLIN) | 132158 |
| 245 13 - MENCIÓN DEL TÍTULO | |
| Título | Le mariage de Jeanne d'Albret / |
| Mención de responsabilidad, etc. | par le baron Alphonse de Ruble. |
| 260 ## - PUBLICACIÓN, DISTRIBUCIÓN, ETC. | |
| Lugar de publicación, distribución, etc. | Paris : |
| Nombre del editor, distribuidor, etc. | Adolphe Labitte ..., |
| Fecha de publicación, distribución, etc. | 1877. |
| 300 ## - DESCRIPCIÓN FÍSICA | |
| Extensión | XIV, 319 p. ; |
| Dimensiones | 25 cm. |
| 600 14 - PUNTO DE ACCESO ADICIONAL DE MATERIA--NOMBRE DE PERSONA | |
| Nombre de persona | Juana |
| Numeración | III |
| Títulos y otros términos asociados al nombre | Reina de Navarra. |
| 9 (RLIN) | 125583 |
| 852 ## - LOCALIZACIÓN | |
| Ubicación | ES-MaACL |
| Número de control de estantería | G-4504 |
| Nota libre | -- Enc. hol. |
| Encuadernación | -- Edic.: Este ejemplar tiene XIV, 321 p. -- El imp. consta en colofón: Nogent-le-Rotrou : Imprimerie Gouverneur G. Daupeley -- Consta de [1] h. de lám. retrato de Jeanne d'Albret: "P. Le rat sc. 1876, Imp. A. Salmon" |
| Estatus retirado | Estado de pérdida | Estado de daño | No para préstamo | Colección | Biblioteca de origen | Biblioteca actual | Ubicación en estantería | Fecha de adquisición | Fuente de adquisición | Total de préstamos | Signatura topográfica completa | Código de barras | Visto por última vez | Precio de reemplazo | Tipo de ítem Koha |
|---|---|---|---|---|---|---|---|---|---|---|---|---|---|---|---|
| Libros del s. XIX | Biblioteca del Ateneo de Madrid | Biblioteca del Ateneo de Madrid | Depósito 2 | 17/01/2008 | G-4504 | 1171996 | 23/02/2023 | 23/02/2023 | Libro impreso antiguo |
